000 00762nam a2200265Ia 4500
003 OSt
005 20221007110709.0
006 a|||||r|||| 00| 0
007 ta
008 221006b |||||||| |||| 00| 0 eng d
024 _a21,642
037 _cTextual
040 _aLCO
_cLCO
_beng
041 _2eng
_aeng
082 _aX8(A):89ZB:(ZqN51), M1
100 _aMalik P.L.
245 0 _aIndustries Development and Regulation Act, 1951
250 _a2nd
260 _aLucknow
_bEastern Book Company India
_c1981
300 _a325
500 _aRules, Regulations, Notifications and Press Notes
650 _aINDUSTRIAL DEVELOPMENT
_9243834
942 _hX8(A):89ZB:(ZqN51), M1
_cTEXL
999 _c1191205
_d1191205